Quiz sur la Turquie - Statistiques

Statistiques générales
  • Ce quiz a été pris 15 073 fois
  • Le résultat moyen est 13 sur 24
Statistiques - réponses
Question Réponse % Correct
Quelle est la capitale de la Turquie ? Ankara
99%
Quelle est la ville la plus peuplée de Turquie ? Istanbul
99%
Quel empire turc a disparu en 1923, laissant place à la République de Turquie ? Empire Ottoman
85%
Quels sont les anciens noms de cette ville ? Constantinople
84%
Quelles sont les quatres mers qui bordent la Turquie ? Mer Noire
82%
Quelles sont les quatres mers qui bordent la Turquie ? Mer Méditerranée
79%
Quel nom désigne une viande grillée cuite sur une broche verticale ? Döner {Kebab}
70%
Quel personnage historique est considéré comme le père de la Turquie moderne ? Mustafa Kemal Atatürk
62%
Quel titre était donné au dirigeant de cet empire ? Sultan
60%
Quel peuple constitue la deuxième ethnie la plus représentée en Turquie ? Kurde
59%
Quelle est la devise monétaire de la Turquie ? Lire turque
57%
Quelles sont les quatres mers qui bordent la Turquie ? Mer Égée
55%
Quelle basilique, reconvertie en mosquée, est devenue un musée en 1934 ? Sainte-Sophie
53%
Quels sont les anciens noms de cette ville ? Byzance
47%
Sous quel nom est plus connue la Mosquée du sultan Ahmet? La Mosquée {Bleue}
47%
Quel port, autrefois appelé Smyrne, est la troisième plus grande ville de Turquie ? İzmir
38%
Selon la tradition turque, de quoi les amulettes « Nazar boncuk » protègent-elles ? du Mauvais Œil
32%
Quel est le nom de la péninsule sur laquelle la plupart de la Turquie est située ? Anatolie
31%
Quel dirigeant réformateur portant ce titre fut défait à Vienne en 1529 ? Soliman le Magnifique
29%
Quelles sont les quatres mers qui bordent la Turquie ? Mer de Marmara
24%
Quelle montagne est le point culminant de la Turquie ? Mont Ararat
21%
Quel titre porte l'autorité suprême de l'Église Orthodoxe, basée dans cette ville ? Patriarche œcuménique
15%
Quelle confiserie est généralement faite à base de dattes ou de fruits secs ? Rahat {Loukoum}
13%
Quel est le nom de la partie européenne de la Turquie ? Thrace Orientale
11%
Aucun quiz correspondant
Distribution des résultats
% des personnes avec chaque résultat
Percentile par nombre de réponses
Votre historique - résultats
Vous n’avez pas pris ce quiz